000 00404nam a22001457a 4500
005 20260311144939.0
020 _a978-93-81991-31-2
082 _a639.3084CHA/F
100 _aChandrasekhar,Y.S
_911644
245 _aFish Nutrition in Aquaculture/
_cby Y.S. Chandrasekhar
260 _a.-NewDelhi
_b:Swastik Publications
_c,2024
300 _a264p
700 _aChandrasekhar,Y.S
_911644
942 _2ddc
_cBK
999 _c757506
_d757506